00414nam a22001337a 4500082002700000100002900027245008700056250000900143260003300152300001300185526003700198526003700235650000800272 a691.3bBEScL-20, P-97 aY. Besser, V. Proskurnin aErection of Prefabricated Reinforced-Concrete StructurescY. Besser, V. Proskurnin a1966 aMoscowbMir Publishersc1971 a280 P, : a0b0c0d691_300000000000000_BES a0b0c0d691_300000000000000_BES aMCE